Normal view
MARC view
- López García, Marina del Carmen
Entry Nombre Personal
001 - NUMERO DE CONTROL
- campo de control: 44795
003 - IDENTIFICADOR DE NUMERO DE CONTROL
- campo de control: MX-MxUPN
005 - FECHA Y HORA DE LA ÜLTIMA TRANSACCIÓN
- campo de control: 20220610140953.0
008 - DATOS DE LONGITUD FIJA
- campo de control de longitud fija: 220610|| aca||aabn | a|a d
040 ## - FUENTE DE CATALOGACIÓN
- Agencia original de catalogación: MX-MxUPN
- Lenguaje de catalogación: spa
- Agencia de transcripción: MX-MxUPN
100 1# - ENCABEZAMIENTO - NOMBRE PERSONAL
- Nombre personal: López García, Marina del Carmen
670 ## - FUENTE EN LA QUE SE LOCALIZARON DATOS
- Cita de la fuente: Biología 1 : primer curso, 1977:
- Información localizada: portada (Marina del Carmen López García)
902 ## - CATALOGADOR
- Catalogador: VRC/100622
